Central Library OPAC University of Rajshahi

ইনফরমেশন টেকনোলজি এবং সিস্টেম এনালিসিস / (Record no. 40410)

MARC details
000 -LEADER
fixed length control field 00909nam a2200241 a 4500
001 - CONTROL NUMBER
control field 40410
003 - CONTROL NUMBER IDENTIFIER
rucl marc code BD-RjUL
005 - DATE AND TIME OF LATEST TRANSACTION
control field 20211209053215.0
008 - FIXED-LENGTH DATA ELEMENTS--GENERAL INFORMATION
fixed length control field 160430s1997 bg a|||| |||| 00| 0 ben d
020 ## - INTERNATIONAL STANDARD BOOK NUMBER
International Standard Book Number 9844640415
Terms of availability : Tk. 150.00
035 ## - SYSTEM CONTROL NUMBER
System control number (BD-RjUL)40525
040 ## - CATALOGING SOURCE
Original cataloging agency BD-RjUL
Language of cataloging ben
Transcribing agency BD-RjUL
041 ## - LANGUAGE CODE
Language code of text/sound track or separate title ben
082 ## - DEWEY DECIMAL CLASSIFICATION NUMBER
Edition number 23
Classification number 004
Author mark and year ALI 1997
100 ## - MAIN ENTRY--PERSONAL NAME
Personal name আলম, ফজলুল
9 (RLIN) 124482
245 10 - TITLE STATEMENT
Title ইনফরমেশন টেকনোলজি এবং সিস্টেম এনালিসিস /
Statement of responsibility, etc. ফজলুল আলম
260 ## - PUBLICATION, DISTRIBUTION, ETC. (IMPRINT)
Place of publication, distribution, etc. ঢাকা :
Name of publisher, distributor, etc. অঙ্কুর প্রকাশনী,
Date of publication, distribution, etc. ১৯৯৭
300 ## - PHYSICAL DESCRIPTION
Pagination ১৩৪ পৃ. :
Illustrations চিত্র ;
Size ১৯ সেমি.
500 ## - GENERAL NOTE
General note পরিশিষ্ট সংযুক্ত
650 ## - SUBJECT ADDED ENTRY--TOPICAL TERM
Topical term or geographic name as entry element তথ্য প্রযুক্তি
9 (RLIN) 124483
Topical term or geographic name as entry element Information Technology
9 (RLIN) 118865
942 ## - ADDED ENTRY ELEMENTS (KOHA)
Source of classification or shelving scheme Dewey Decimal Classification
Koha item type Books
Holdings
Lost status Source of classification or shelving scheme Damaged status Not for loan Collection code Permanent Location Current Location Shelving location Date acquired Source of acquisition Cost, normal purchase price Total Checkouts Full call number Date last seen Copy number Koha item type
  Dewey Decimal Classification   Not For Loan Non-fiction Central Library, University of Rajshahi Central Library, University of Rajshahi Reading Room 10/12/1998 Ankur Prokasoni, Dhaka 150.00   B 004 ALI 1997 30/04/2016 C-1 Books
  Dewey Decimal Classification     Non-fiction Central Library, University of Rajshahi Central Library, University of Rajshahi   10/12/1998 Ankur Prokasoni, Dhaka 150.00   B 004 ALI 1997 30/04/2016 C-2 Books
  Dewey Decimal Classification     Non-fiction Central Library, University of Rajshahi Central Library, University of Rajshahi   10/12/1998 Ankur Prokasoni, Dhaka 150.00   B 004 ALI 1997 30/04/2016 C-3 Books
  Dewey Decimal Classification     Non-fiction Central Library, University of Rajshahi Central Library, University of Rajshahi   10/12/1998 Ankur Prokasoni, Dhaka 150.00   B 004 ALI 1997 30/04/2016 C-4 Books
  Dewey Decimal Classification     Non-fiction Central Library, University of Rajshahi Central Library, University of Rajshahi   10/12/1998 Ankur Prokasoni, Dhaka 150.00   B 004 ALI 1997 30/04/2016 C-5 Books
  Dewey Decimal Classification     Non-fiction Central Library, University of Rajshahi Central Library, University of Rajshahi   10/12/1998 Ankur Prokasoni, Dhaka 150.00   B 004 ALI 1997 30/04/2016 C-6 Books
  Dewey Decimal Classification     Non-fiction Central Library, University of Rajshahi Central Library, University of Rajshahi   10/12/1998 Ankur Prokasoni, Dhaka 150.00   B 004 ALI 1997 25/07/2016 C-7 Books
  Dewey Decimal Classification     Non-fiction Central Library, University of Rajshahi Central Library, University of Rajshahi   01/11/1998 Invoice, Dhaka. 150.00   B 004 ALI 1997 03/12/2016 C-8 Books
  Dewey Decimal Classification     Non-fiction Central Library, University of Rajshahi Central Library, University of Rajshahi   01/11/1998 Invoice. 150.00   B 004 ALI 1997 18/04/2017 C-9 Books